000 01771nam a22001577a 4500
041 _aukr
080 _a09
090 _bНОВ
100 _aНовак Л. В.
245 _aРозвиток комунікативної компетенції учнів на уроках англійської мови
260 _aОстрог
_bКАФ
_c2012
300 _a49
520 _aРОЗДІЛ 1. ТЕОРЕТИЧНІ ОСНОВИ ПРОБЛЕМИ. 1.1. Компетентність як дидактичне поняття: зміст, структура і моделі конструювання. 1.2. Поняття компетентісного підходу в навчанні іноземної мови. 1.3. Розвиток іншомовної компетенції як мета навчання іноземної мови. 1.4. Психологічні особливості досліджуваної вікової категорії. РОЗДІЛ 2. ТЕХНОЛОГІЯ РОЗВИТКУ КОМУНІКАТИВНОЇ КОМПЕТЕНТНОСТІ УЧНІВ (7 КЛАС). 2.1. Шляхи розвитку комунікативної компетентності, пропоновані методистами та психологами. 2.2. Аналіз навчально-методичного комплексу на предмет методичного забезпечення розвитку комунікативної компетенції. 2.3. Методичні прийоми для розвитку комунікативної компетенції учнів на уроках англійської мови (7 клас).
_0комунікація, методика, освіта
650 _aResearch Papers
999 _c284883
_d284883
942 _cBK